| 000 | 00446nam a2200169Ia 4500 | ||
|---|---|---|---|
| 005 | 20240823052525.0 | ||
| 008 | 240331s9999 xx 000 0 und d | ||
| 082 | _a801 | ||
| 245 | 4 |
_aThe new feminist criticism : _bessays on women,literature, and theory |
|
| 260 |
_aLondon _bVirago press Limited _c1986 |
||
| 300 | _aix, 403 p ., | ||
| 650 | _aWomen | ||
| 650 | _aLiterature | ||
| 650 | _aTheory | ||
| 700 |
_aShowalter, E. _eedt |
||
| 942 | _cL | ||
| 999 |
_c3126 _d3126 |
||